| 000 | 00979nam a2200289 i 4500 | ||
|---|---|---|---|
| 003 | DO-SdBNP | ||
| 005 | 20250321073607.0 | ||
| 007 | ta | ||
| 008 | 230918b2023 dr ||||| |||| 00| 0 spa d | ||
| 020 | _a9789945645071 | ||
| 040 |
_aDO-SdBNP _bspa _cBNPHU _erda |
||
| 082 | 4 |
_aRD863.44 _bM375h _222 |
|
| 100 | 1 |
_aMarte, Domingo, _d1939- _eautor _910487 |
|
| 245 | 1 | 0 |
_aHijo de la duda : _bnovela / _cDomingo Marte ; prólogo, Rafael Peralta Romero |
| 264 |
_aSanto Domingo : _bAmigo del Hogar, _c2023. |
||
| 300 |
_a225 páginas ; _c23 cm. |
||
| 336 |
_2rdacontent _atexto _btxt |
||
| 337 |
_2rdamedia _asin mediación _bn |
||
| 338 |
_2rdacarrier _avolumen _bnc |
||
| 500 | _aIncluye datos biográficos del autor en las solapas | ||
| 590 | _aInventariado, 2023/BT | ||
| 650 | 0 |
_aNovela dominicana _9223 |
|
| 650 | 4 | _aLiteratura dominicana | |
| 700 | 1 |
_aPeralta Romero, Rafael, _d1948- _eprólogo _979774 |
|
| 910 | _aBtavárez/Validado. Control de calidad MFF | ||
| 942 |
_2ddc _cLBS1 |
||
| 999 |
_c54799 _d54799 |
||